With Christ in the school of prayer / (Record no. 1428)
[ view plain ]
| 000 -LEADER | |
|---|---|
| fixed length control field | 01030cam a2200325Ka 4500 |
| 001 - CONTROL NUMBER | |
| control field | 215808 |
| 003 - CONTROL NUMBER IDENTIFIER | |
| control field | GBCCL |
| 005 - DATE AND TIME OF LATEST TRANSACTION | |
| control field | 20241126110401.0 |
| 008 - FIXED-LENGTH DATA ELEMENTS--GENERAL INFORMATION | |
| fixed length control field | 960802s1981 pau 000 0 eng d |
| 020 ## - INTERNATIONAL STANDARD BOOK NUMBER | |
| International Standard Book Number | 0913367567 (pbk.) |
| 020 ## - INTERNATIONAL STANDARD BOOK NUMBER | |
| International Standard Book Number | 9780913367568 (pbk.) |
| 020 ## - INTERNATIONAL STANDARD BOOK NUMBER | |
| International Standard Book Number | 0883681064 |
| 020 ## - INTERNATIONAL STANDARD BOOK NUMBER | |
| International Standard Book Number | 9780883681060 |
| 035 ## - SYSTEM CONTROL NUMBER | |
| System control number | (OCoLC)ocm35182940 |
| 035 ## - SYSTEM CONTROL NUMBER | |
| System control number | (OCoLC)35182940 |
| Canceled/invalid control number | (OCoLC)35923395 |
| 040 ## - CATALOGING SOURCE | |
| Original cataloging agency | KRL |
| Transcribing agency | KRL |
| Modifying agency | OCLCQ |
| -- | OCLCG |
| -- | SGB |
| -- | RLM |
| -- | BAKER |
| -- | YDXCP |
| -- | LBB |
| 049 ## - | |
| -- | LBBK |
| -- | LBBA |
| 050 #4 - | |
| -- | BV 4647.2 |
| -- | .M88 1981 |
| 082 04 - DEWEY DECIMAL CLASSIFICATION NUMBER | |
| Classification number | 242 |
| Item number | MUR |
| 090 ## - LOCALLY ASSIGNED LC-TYPE CALL NUMBER (OCLC); LOCAL CALL NUMBER (RLIN) | |
| Classification number (OCLC) (R) ; Classification number, CALL (RLIN) (NR) | BV4647.2 |
| Local cutter number (OCLC) ; Book number/undivided call number, CALL (RLIN) | .M88 1981 |
| 100 1# - MAIN ENTRY--PERSONAL NAME | |
| Personal name | Murray, Andrew, |
| Dates associated with a name | 1828-1917. |
| 9 (RLIN) | 2842 |
| 245 10 - TITLE STATEMENT | |
| Title | With Christ in the school of prayer / |
| Statement of responsibility, etc. | Andrew Murray. |
| 260 ## - PUBLICATION, DISTRIBUTION, ETC. | |
| Place of publication, distribution, etc. | Springdale, PA : |
| Name of publisher, distributor, etc. | Whitaker House, |
| Date of publication, distribution, etc. | c1981. |
| 300 ## - PHYSICAL DESCRIPTION | |
| Extent | 238 p. ; |
| Dimensions | 18 cm. |
| 500 ## - GENERAL NOTE | |
| General note | Billy Graham Evangelistic Association special edition. |
| 500 ## - GENERAL NOTE | |
| General note | Foreword by Billy Graham. |
| 520 ## - SUMMARY, ETC. | |
| Summary, etc. | Christian Library of Lancaster Collection. |
| 650 #0 - SUBJECT ADDED ENTRY--TOPICAL TERM | |
| Topical term or geographic name entry element | Prayer |
| General subdivision | Christianity. |
| 9 (RLIN) | 227 |
| 942 ## - ADDED ENTRY ELEMENTS (KOHA) | |
| Source of classification or shelving scheme | Dewey Decimal Classification |
| Koha item type | Books |
| Koha issues (borrowed), all copies | 1 |
| Withdrawn status | Lost status | Source of classification or shelving scheme | Damaged status | Not for loan | Home library | Current Library | Shelving location | Date acquired | Total checkouts | Full call number | Barcode | Date last seen | Copy number | Price effective from | Koha item type | Date last checked out |
|---|---|---|---|---|---|---|---|---|---|---|---|---|---|---|---|---|
| Dewey Decimal Classification | GRACE BIBLE COLLEGE | GRACE BIBLE COLLEGE | Ministry & Mission | 2017-05-01 | 242 MUR | 009013 | 2025-05-01 | c.1 | 2017-05-01 | Books | ||||||
| Dewey Decimal Classification | GRACE BIBLE COLLEGE | GRACE BIBLE COLLEGE | Ministry & Mission | 2017-08-10 | 242 MUR | 009015 | 2025-05-01 | c.2 | 2017-08-10 | Books | ||||||
| Dewey Decimal Classification | GRACE BIBLE COLLEGE | GRACE BIBLE COLLEGE | Ministry & Mission | 2017-10-05 | 242 MUR | 009016 | 2025-05-01 | c.3 | 2017-10-05 | Books | ||||||
| Dewey Decimal Classification | GRACE BIBLE COLLEGE | GRACE BIBLE COLLEGE | Ministry & Mission | 2018-03-05 | 1 | 242 MUR | 009017 | 2025-05-01 | c.4 | 2018-03-05 | Books | 2022-03-10 | ||||
| Dewey Decimal Classification | GRACE BIBLE COLLEGE | GRACE BIBLE COLLEGE | Ministry & Mission | 2018-03-05 | 242 MUR | 009027 | 2025-05-01 | c.5 | 2018-03-05 | Books |